[Event "C.to Italiano Semifinale"]
[Site "Civitanova Marche ITA"]
[Date "2013.07.25"]
[Round "6"]
[White "Bentivegna, Francesco"]
[Black "Boscolo, Federico"]
[WhiteElo "2293"]
[BlackElo "2349"]
[Result "0-1"]
[PlyCount "140"]
[EventDate "2013.07.20"]

1. e4 c5 2. Nc3 Nc6 3. Bb5 Nd4 4. Nf3 a6 5. Bd3 Nc6 6. O-O d6 7. Be2 g6 8. d4
cxd4 9. Nxd4 Bg7 10. Be3 Nf6 11. Nxc6 bxc6 12. e5 dxe5 13. Bf3 Qxd1 14. Rfxd1
Bb7 15. Na4 e4 16. Be2 Nd5 17. Bd2 f5 18. c4 Nc7 19. f3 c5 20. Bc3 Bxc3 21.
Nxc3 e3 22. Na4 Ne6 23. Nb6 Rd8 24. Nd5 Nd4 25. Kf1 Bxd5 26. cxd5 a5 27. Rac1
Rxd5 28. f4 Kf7 29. Bc4 e6 30. Ke1 Rd6 31. Rd3 Rb8 32. b3 e2 33. Re3 a4 34.
Bxe2 axb3 35. axb3 Rxb3 36. Rxb3 Nxb3 37. Rc3 Nd4 38. Rxc5 Nxe2 39. Rc7+ Ke8
40. Kxe2 Rd7 41. Rc3 Ke7 42. g3 Rb7 43. h4 Kf6 44. Kf3 Ra7 45. Rb3 h6 46. Re3
Ra6 47. Rb3 g5 48. hxg5+ hxg5 49. fxg5+ Kxg5 50. Rb8 e5 51. Rd8 Rb6 52. Ra8
Rb3+ 53. Kg2 Rb2+ 54. Kh3 e4 55. Rg8+ Kf6 56. Re8 Re2 57. Ra8 Ke5 58. Ra5+ Kd4
59. Rxf5 e3 60. Rf8 Rc2 61. g4 e2 62. Rd8+ Ke3 63. Re8+ Kf2 64. Rf8+ Kg1 65.
Re8 Rc3+ 66. Kh4 Kf2 67. Rxe2+ Kxe2 68. g5 Kf3 69. Kh5 Kf4 70. g6 Rh3# 0-1

[Event "C.to Italiano Semifinale"]
[Site "Civitanova Marche ITA"]
[Date "2013.07.25"]
[Round "6"]
[White "Bruno, Fabio"]
[Black "Rombaldoni, Axel"]
[WhiteElo "2421"]
[BlackElo "2494"]
[Result "1/2-1/2"]
[PlyCount "108"]
[EventDate "2013.07.20"]

1. d4 g6 2. Nf3 Bg7 3. c4 f5 4. g3 Nf6 5. Bg2 O-O 6. O-O d6 7. Nc3 Nbd7 8. Ng5
Nb8 9. Qb3 c6 10. d5 h6 11. c5 Kh8 12. dxc6 Nxc6 13. Nf7+ Rxf7 14. Qxf7 Ne5 15.
Qb3 dxc5 16. Rd1 Qf8 17. Be3 c4 18. Qa3 Nc6 19. Nd5 Ne4 20. Bxe4 fxe4 21. Nb6
Rb8 22. Nxc8 Qxc8 23. Bf4 e5 24. Be3 Nd4 25. Bxd4 exd4 26. Qd6 d3 27. exd3 exd3
28. Rac1 b5 29. Rxd3 Bxb2 30. Rc2 Qg8 31. Rd1 Bg7 32. Qxg6 b4 33. Rd7 b3 34.
axb3 cxb3 35. Rcc7 b2 36. Rb7 Rxb7 37. Rxb7 a5 38. Qc6 Qd8 39. Qb5 Qd1+ 40. Kg2
Qc2 41. Qe8+ Kh7 42. Qd7 Qe4+ 43. Kh3 Qe5 44. Rb5 Qf6 45. Rb7 a4 46. f4 a3 47.
Qd3+ Kg8 48. Qxa3 b1=Q 49. Rxb1 Qf5+ 50. Kg2 Qc2+ 51. Kh3 Qxb1 52. Qa8+ Kh7 53.
Qd5 Qf1+ 54. Kg4 Qe2+ 1/2-1/2

[Event "C.to Italiano Semifinale"]
[Site "Civitanova Marche ITA"]
[Date "2013.07.25"]
[Round "6"]
[White "Codenotti, Marco"]
[Black "Moroni, Luca jr"]
[WhiteElo "2370"]
[BlackElo "2211"]
[Result "1-0"]
[PlyCount "91"]
[EventDate "2013.07.20"]

1. e4 c5 2. Nf3 d6 3. d4 Nf6 4. Nc3 cxd4 5. Nxd4 a6 6. h3 e5 7. Nde2 b5 8. g4
Be6 9. Bg2 Nc6 10. Be3 Be7 11. Ng3 Qc7 12. g5 Nd7 13. Nf5 Bf8 14. O-O g6 15. a4
b4 16. Nd5 Bxd5 17. exd5 Na5 18. Nd4 Be7 19. Nc6 Nxc6 20. dxc6 Nc5 21. f4 exf4
22. Bxc5 dxc5 23. Qd7+ Qxd7 24. cxd7+ Kxd7 25. Rad1+ Kc7 26. Bxa8 Rxa8 27. Rxf4
Bxg5 28. Rxf7+ Kc6 29. Rxh7 Re8 30. Ra7 Kb6 31. Rad7 Bf4 32. Rg7 Re6 33. b3 Be5
34. Rf7 g5 35. Rdd7 Bd4+ 36. Kf1 Rh6 37. Rb7+ Kc6 38. Kg2 Re6 39. Rbc7+ Kb6 40.
Rce7 Rg6 41. Kf3 Kc6 42. Ke4 Rh6 43. Rc7+ Kb6 44. Rb7+ Ka5 45. Rf8 Rh4+ 46. Kd5
1-0

[Event "C.to Italiano Semifinale"]
[Site "Civitanova Marche ITA"]
[Date "2013.07.25"]
[Round "6"]
[White "Contin, Daniel"]
[Black "Cocchi, Andrea"]
[WhiteElo "2330"]
[BlackElo "2302"]
[Result "1/2-1/2"]
[PlyCount "130"]
[EventDate "2013.07.20"]

1. Nf3 Nf6 2. c4 e6 3. g3 d5 4. b3 Be7 5. Bg2 O-O 6. O-O d4 7. e3 c5 8. exd4
cxd4 9. d3 Nc6 10. Qe2 Bd6 11. a3 a5 12. Nbd2 Qe7 13. Ng5 e5 14. Nde4 Nxe4 15.
Qxe4 g6 16. Qh4 f6 17. Bd5+ Kh8 18. Ne4 Be6 19. Bh6 Rf7 20. f4 exf4 21. Rae1
Bxd5 22. cxd5 Ne5 23. gxf4 Nxd3 24. Nxd6 Qxd6 25. Re6 Qd8 26. f5 Qxd5 27. Rxf6
g5 28. Bxg5 Rg8 29. Rxf7 Qxf7 30. Qxd4+ Qg7 31. Qxg7+ Rxg7 32. h4 Nc5 33. Kh2
Rd7 34. Rg1 h5 35. Rg3 Ne4 36. Re3 Nf2 37. Kg3 Ng4 38. Re8+ Kg7 39. Re7+ Rxe7
40. Bxe7 Ne3 41. f6+ Kg6 42. Kf4 Ng2+ 43. Kg3 Ne3 44. Bd8 a4 45. bxa4 Nf5+ 46.
Kf4 Nxh4 47. Ke4 Nf5 48. Kd5 h4 49. Kc5 Nd6 50. Bc7 Nc8 51. Be5 h3 52. a5 Kf7
53. a4 Ke6 54. a6 bxa6 55. Bh2 Kxf6 56. Kc6 Ne7+ 57. Kb6 Ke6 58. Kxa6 Kd7 59.
Kb6 Nc6 60. Kc5 Na5 61. Kb5 Kc8 62. Ka6 Nc4 63. Bf4 Nb2 64. a5 Nc4 65. Kb5 Nxa5
1/2-1/2

[Event "C.to Italiano Semifinale"]
[Site "Civitanova Marche ITA"]
[Date "2013.07.25"]
[Round "6"]
[White "De Filomeno, Simone"]
[Black "Bove, Alessandro"]
[WhiteElo "2385"]
[BlackElo "2365"]
[Result "1-0"]
[PlyCount "97"]
[EventDate "2013.07.20"]

1. e4 e6 2. d4 d5 3. Nd2 Nf6 4. e5 Nfd7 5. Bd3 c5 6. c3 Nc6 7. Ne2 a5 8. O-O a4
9. Nf3 a3 10. c4 Nb6 11. cxd5 axb2 12. Bxb2 Nxd5 13. a4 Bd7 14. Ng3 cxd4 15.
Nxd4 Nxd4 16. Bxd4 Nb4 17. Be4 Bc6 18. Bxc6+ Nxc6 19. Bc3 Qxd1 20. Rfxd1 Nb4
21. a5 Nd5 22. Be1 Be7 23. Rab1 O-O 24. Rxb7 Bd8 25. Ra1 Bc7 26. f4 Bb6+ 27.
Kf1 Be3 28. Ne2 Nxf4 29. Nxf4 Bxf4 30. Bc3 Ra6 31. g3 Be3 32. Ke2 Ba7 33. Ra4
Rc8 34. Kd3 Rac6 35. Rxa7 Rxc3+ 36. Kd4 h5 37. Rb7 h4 38. Rb8 Rxb8 39. Kxc3
hxg3 40. hxg3 Kh7 41. Kd4 Kg6 42. Kc5 Kf5 43. Kd6 Rd8+ 44. Kc7 Re8 45. a6 Kxe5
46. a7 f5 47. a8=Q Rxa8 48. Rxa8 g5 49. Rg8 1-0

[Event "C.to Italiano Semifinale"]
[Site "Civitanova Marche ITA"]
[Date "2013.07.25"]
[Round "6"]
[White "Lantini, Marco"]
[Black "Genocchio, Daniele"]
[WhiteElo "2119"]
[BlackElo "2413"]
[Result "0-1"]
[PlyCount "54"]
[EventDate "2013.07.20"]

1. d4 e6 2. c4 Bb4+ 3. Bd2 c5 4. Bxb4 cxb4 5. Nf3 Nf6 6. g3 a5 7. Bg2 d6 8. O-O
O-O 9. a4 b6 10. Nbd2 Bb7 11. Re1 Re8 12. Nh4 Bxg2 13. Nxg2 e5 14. Nb3 Qc8 15.
Ne3 Qh3 16. dxe5 dxe5 17. c5 Nc6 18. cxb6 e4 19. f4 Ne7 20. Qd4 Rad8 21. Qe5
Rd5 22. Nxd5 Ng4 23. Nxe7+ Kf8 24. Qc5 Qxh2+ 25. Kf1 Qh3+ 26. Kg1 Qxg3+ 27. Kf1
Nh2# 0-1

[Event "C.to Italiano Semifinale"]
[Site "Civitanova Marche ITA"]
[Date "2013.07.25"]
[Round "6"]
[White "Parrella, Alfredo"]
[Black "Pescatore, Lorenzo"]
[WhiteElo "2072"]
[BlackElo "2230"]
[Result "1/2-1/2"]
[PlyCount "116"]
[EventDate "2013.07.20"]

1. d4 Nf6 2. Nf3 e6 3. c4 Bb4+ 4. Bd2 Qe7 5. g3 O-O 6. Bg2 Bxd2+ 7. Nbxd2 d6 8.
e4 e5 9. d5 a5 10. O-O Bg4 11. h3 Bxf3 12. Bxf3 Ne8 13. b3 g6 14. a3 f5 15. b4
Qg5 16. Nb3 a4 17. Qd2 Qe7 18. Nc1 c5 19. dxc6 Nxc6 20. Qd5+ Kh8 21. exf5 gxf5
22. Bg2 Nf6 23. Qd3 e4 24. Qc3 Qe5 25. Ne2 Qxc3 26. Nxc3 Ne5 27. Rfd1 Nxc4 28.
Bf1 Rac8 29. Nxa4 d5 30. Bxc4 dxc4 31. Nc3 Rfd8 32. Rxd8+ Rxd8 33. a4 Kg7 34.
a5 Rd3 35. Rc1 Kf7 36. Nb5 Rb3 37. Rxc4 Ke6 38. Nd4+ Kd5 39. Nxb3 Kxc4 40. Nc5
Kxb4 41. Nxb7 Kb5 42. Nd6+ Kxa5 43. Nxf5 Kb5 44. Kf1 Kc6 45. Ke2 Kd5 46. Kd2
Ke5 47. Ne3 Kd4 48. Ng2 Ke5 49. Kc3 Nd5+ 50. Kd2 Nf6 51. Nf4 Kd4 52. g4 Nd7 53.
Nh5 Ne5 54. Nf6 Nf3+ 55. Kd1 e3 56. fxe3+ Kxe3 57. Nxh7 Kf4 58. g5 Nxg5 1/2-1/2

[Event "C.to Italiano Semifinale"]
[Site "Civitanova Marche ITA"]
[Date "2013.07.25"]
[Round "6"]
[White "Rambaldi, Francesco"]
[Black "Bianco, Valerio"]
[WhiteElo "2347"]
[BlackElo "2141"]
[Result "1-0"]
[PlyCount "159"]
[EventDate "2013.07.20"]

1. e4 c5 2. Nf3 d6 3. Bb5+ Bd7 4. Bxd7+ Qxd7 5. O-O Nc6 6. Qe2 Nf6 7. Rd1 g6 8.
c3 Qg4 9. d3 Ne5 10. Nbd2 Nh5 11. h3 Nf4 12. hxg4 Nxe2+ 13. Kf1 Nxc1 14. Nxe5
dxe5 15. Rdxc1 Bh6 16. Ke2 O-O 17. Rcb1 Bxd2 18. Kxd2 Rfd8 19. Kc2 a5 20. Rh1
f6 21. Rh6 e6 22. a4 Ra6 23. b3 Rd7 24. g3 Rad6 25. Rd1 Kg7 26. Rdh1 Kg8 27.
Rd1 Kg7 28. Rh4 Kg8 29. Rd2 g5 30. Rh5 Rf7 31. Rd1 Rdd7 32. Rh6 Kg7 33. Rdh1
Kf8 34. Kd2 Kg8 35. Rf1 Kg7 36. Rh5 Rd6 37. Kc2 Rfd7 38. Rd1 Kg8 39. Rh6 Rf7
40. Rdh1 Rdd7 41. Rf1 Kg7 42. Rh5 b6 43. f4 exf4 44. gxf4 gxf4 45. Rxf4 Kf8 46.
Kd2 Ke7 47. e5 f5 48. gxf5 exf5 49. Rfxf5 Rxf5 50. Rxf5 Ke6 51. Rh5 Rg7 52. c4
Rg6 53. Ke3 Rg3+ 54. Ke4 Rg4+ 55. Ke3 Rg3+ 56. Kf4 Rxd3 57. Rh6+ Ke7 58. Rxb6
h5 59. Kf5 h4 60. Rb7+ Ke8 61. Ke6 Kf8 62. Rf7+ Kg8 63. Rf4 h3 64. Ke7 Rxb3 65.
e6 Rb7+ 66. Kf6 Rb3 67. Rg4+ Kh7 68. Rh4+ Kg8 69. Rg4+ Kh7 70. e7 Rf3+ 71. Ke6
Re3+ 72. Kf7 Rf3+ 73. Ke6 Re3+ 74. Kd6 h2 75. Rh4+ Kg6 76. Rxh2 Rd3+ 77. Kxc5
Kf7 78. Re2 Ke8 79. Kb5 Rd7 80. c5 1-0

[Event "C.to Italiano Semifinale"]
[Site "Civitanova Marche ITA"]
[Date "2013.07.25"]
[Round "6"]
[White "Rombaldoni, Denis"]
[Black "Lanzani, Mario"]
[WhiteElo "2484"]
[BlackElo "2308"]
[Result "1/2-1/2"]
[PlyCount "69"]
[EventDate "2013.07.20"]

1. d4 d5 2. Nf3 c5 3. c4 dxc4 4. d5 e6 5. e4 exd5 6. exd5 Nf6 7. Nc3 Bd6 8. Nd2
Be5 9. Bxc4 O-O 10. O-O a6 11. a4 Bf5 12. Nf3 Bd6 13. h3 h6 14. Be3 Nbd7 15.
Bd3 Bxd3 16. Qxd3 Rc8 17. Rfd1 Re8 18. b3 Qc7 19. Rac1 c4 20. Qf5 Qa5 21. Bd2
Bb4 22. Nd4 Re5 23. Qf3 Nxd5 24. Nxd5 Bxd2 25. Rxc4 Rce8 26. b4 Qxd5 27. Qxd5
Rxd5 28. Rxd2 Nb6 29. Rc7 Red8 30. a5 Rxd4 31. Rxd4 Rxd4 32. axb6 Rxb4 33. Rxb7
a5 34. Ra7 Rxb6 35. Rxa5 1/2-1/2

[Event "C.to Italiano Semifinale"]
[Site "Civitanova Marche ITA"]
[Date "2013.07.25"]
[Round "6"]
[White "Santagati, Alessandro"]
[Black "Esposito, Luca"]
[WhiteElo "2195"]
[BlackElo "2277"]
[Result "0-1"]
[PlyCount "78"]
[EventDate "2013.07.20"]

1. e4 c5 2. Nf3 e6 3. d3 Nc6 4. g3 g6 5. Bg2 Bg7 6. O-O Nge7 7. Re1 O-O 8. Nbd2
Qc7 9. Qe2 Nd4 10. Nxd4 cxd4 11. Nb3 d6 12. Rb1 Bd7 13. Bd2 Nc6 14. c3 Qb6 15.
Na1 Qa6 16. a3 b5 17. Nc2 Qb6 18. Rec1 Rac8 19. Bf4 dxc3 20. bxc3 Bxc3 21. Bxd6
Nd4 22. Nxd4 Qxd6 23. Nxb5 Bxb5 24. Rxb5 Qxa3 25. Rcb1 Bd4 26. h4 Rc3 27. Rd1
Rfc8 28. h5 Rc2 29. Qg4 Rxf2 30. Kh1 Qa2 31. Qh3 Qe2 32. Rdb1 Qxd3 33. e5 Rfc2
34. Rb8 Bxe5 35. Rxc8+ Rxc8 36. Rf1 Qxg3 37. Qxg3 Bxg3 38. hxg6 hxg6 39. Ra1
Bf4 0-1

[Event "C.to Italiano Semifinale"]
[Site "Civitanova Marche ITA"]
[Date "2013.07.25"]
[Round "6"]
[White "Sbarra, Marco"]
[Black "Altieri, Danilo Mario"]
[WhiteElo "2260"]
[BlackElo "1978"]
[Result "1-0"]
[PlyCount "83"]
[EventDate "2013.07.20"]

1. c4 e5 2. Nc3 Nf6 3. Nf3 Nc6 4. d4 exd4 5. Nxd4 Bc5 6. e3 O-O 7. Be2 Re8 8.
Nxc6 dxc6 9. Qxd8 Rxd8 10. Bd2 Bf5 11. f3 Bd3 12. Bxd3 Rxd3 13. Ke2 Rad8 14.
Rad1 Bb4 15. Be1 Rxd1 16. Nxd1 Bxe1 17. Rxe1 Kf8 18. Nc3 Ke7 19. Rd1 Rxd1 20.
Nxd1 Kd6 21. Kd3 Nd7 22. e4 g6 23. f4 h5 24. Nc3 Nc5+ 25. Ke3 a5 26. e5+ Ke6
27. Ne4 Nxe4 28. Kxe4 a4 29. g3 c5 30. h3 c6 31. g4 hxg4 32. hxg4 b6 33. f5+
gxf5+ 34. gxf5+ Ke7 35. Kd3 Kd7 36. Ke4 Ke7 37. Kf4 Kd7 38. Kg4 Kd8 39. Kg5 Ke7
40. Kh6 f6 41. e6 b5 42. b3 1-0

[Event "C.to Italiano Semifinale"]
[Site "Civitanova Marche ITA"]
[Date "2013.07.25"]
[Round "6"]
[White "Sibilio, Mario"]
[Black "Scalcione, Michelangelo"]
[WhiteElo "2306"]
[BlackElo "2342"]
[Result "1/2-1/2"]
[PlyCount "81"]
[EventDate "2013.07.20"]

1. e4 d6 2. Bc4 Nf6 3. d3 c6 4. Bb3 g6 5. Nf3 Bg7 6. O-O O-O 7. Re1 e5 8. Nbd2
Nbd7 9. c3 Qe7 10. d4 Nh5 11. Nc4 Nb6 12. Bg5 Qc7 13. Nxb6 axb6 14. h3 h6 15.
Be3 Nf6 16. Nd2 b5 17. dxe5 dxe5 18. c4 bxc4 19. Nxc4 Be6 20. Bb6 Qe7 21. Qd6
Qxd6 22. Nxd6 Bxb3 23. axb3 Nd7 24. Be3 b6 25. Red1 Rxa1 26. Rxa1 Rd8 27. Ra7
Bf8 28. Nc4 b5 29. Na5 Nc5 30. Nxc6 Rd1+ 31. Kh2 Nxe4 32. Ra8 Kg7 33. Bxh6+
Kxh6 34. Rxf8 f6 35. f3 Kg7 36. Rd8 Rxd8 37. Nxd8 Nc5 38. b4 Nd3 39. Ne6+ Kf7
40. Nc7 Nxb2 41. Nxb5 1/2-1/2

[Event "C.to Italiano Semifinale"]
[Site "Civitanova Marche ITA"]
[Date "2013.07.25"]
[Round "6"]
[White "Stella, Andrea"]
[Black "Altini, Nicola"]
[WhiteElo "2447"]
[BlackElo "2347"]
[Result "1/2-1/2"]
[PlyCount "41"]
[EventDate "2013.07.20"]

1. Nf3 c5 2. c4 g6 3. Nc3 Bg7 4. g3 Nc6 5. Bg2 d6 6. O-O e5 7. a3 a5 8. Ne1
Nge7 9. Nc2 Be6 10. d3 d5 11. cxd5 Nxd5 12. Ne3 Nde7 13. Nc4 O-O 14. Bg5 f6 15.
Be3 b6 16. Qa4 Qc7 17. f4 Rab8 18. fxe5 Nxe5 19. Bf4 Qd8 20. Bxe5 fxe5 21.
Rxf8+ 1/2-1/2

[Event "C.to Italiano Semifinale"]
[Site "Civitanova Marche ITA"]
[Date "2013.07.25"]
[Round "6"]
[White "Vezzosi, Paolo"]
[Black "Simoncini, Francesco"]
[WhiteElo "2281"]
[BlackElo "2009"]
[Result "1/2-1/2"]
[PlyCount "106"]
[EventDate "2013.07.20"]

1. Nf3 d5 2. c4 d4 3. g3 Nc6 4. Bg2 e5 5. O-O Nf6 6. d3 Be7 7. e3 Nd7 8. exd4
exd4 9. Re1 O-O 10. a3 a5 11. Nbd2 Nc5 12. Nb3 Ne6 13. Bd2 a4 14. Nc1 Nc5 15.
Ne5 Nxe5 16. Rxe5 Bd6 17. Re1 Bf5 18. Bb4 Qf6 19. Bxc5 Bxc5 20. Bxb7 Rae8 21.
Be4 Bb6 22. Qxa4 Bxe4 23. dxe4 d3 24. Nxd3 Rd8 25. Qc2 Rxd3 26. Qxd3 Bxf2+ 27.
Kg2 Bxe1 28. Rxe1 Qxb2+ 29. Re2 Qe5 30. a4 Qa5 31. Ra2 g6 32. Qd5 c5 33. Rf2
Qc7 34. e5 Re8 35. Re2 Rd8 36. Qf3 Re8 37. Qe4 Kg7 38. h4 h5 39. Kh2 Re6 40.
Qd5 Kg8 41. Kg2 Kg7 42. Rf2 Qxe5 43. Qxe5+ Rxe5 44. a5 Re4 45. Ra2 Re7 46. a6
Ra7 47. Kf3 Kf6 48. Ra5 Ke6 49. Ke4 f6 50. Rxc5 Rxa6 51. Rc7 Ra3 52. Rc6+ Ke7
53. Kf4 g5+ 1/2-1/2

[Event "C.to Italiano Semifinale"]
[Site "Civitanova Marche ITA"]
[Date "2013.07.26"]
[Round "7"]
[White "Bonafede, Alessandro"]
[Black "La Manna, Andrea"]
[WhiteElo "2380"]
[BlackElo "2192"]
[Result "1-0"]
[PlyCount "57"]
[EventDate "2013.07.20"]

1. e4 d5 2. exd5 Nf6 3. Bb5+ Bd7 4. Be2 Bf5 5. Nf3 Nxd5 6. d4 e6 7. O-O Nc6 8.
c4 Ndb4 9. Na3 Be7 10. Be3 O-O 11. Qd2 Qd7 12. Rfd1 Rad8 13. Qc3 Qc8 14. Qb3 b6
15. Rd2 Na5 16. Qd1 c5 17. d5 Nb7 18. Nb5 Qb8 19. a3 Na6 20. Qa4 Nc7 21. Bf4 e5
22. Bxe5 Nd6 23. Qxa7 Ncxb5 24. Qxe7 Rde8 25. Qh4 f6 26. Bf4 Na7 27. Qg3 Nac8
28. Nh4 Bd7 29. Bd3 1-0

[Event "C.to Italiano Semifinale"]
[Site "Civitanova Marche ITA"]
[Date "2013.07.26"]
[Round "7"]
[White "Bove, Alessandro"]
[Black "Sibilio, Mario"]
[WhiteElo "2365"]
[BlackElo "2306"]
[Result "0-1"]
[PlyCount "74"]
[EventDate "2013.07.20"]

1. Nf3 Nf6 2. c4 d6 3. d4 Nbd7 4. Nc3 e5 5. e4 Be7 6. Be2 O-O 7. O-O Re8 8. Qc2
Bf8 9. Rd1 c6 10. h3 exd4 11. Nxd4 Nc5 12. Bf3 a5 13. Bf4 Qb6 14. b3 g6 15. Rd2
Nfd7 16. Rad1 Ne5 17. Be2 f6 18. Be3 Qc7 19. a3 Qf7 20. Qb1 f5 21. exf5 gxf5
22. Nf3 Qf6 23. Bxc5 Nxf3+ 24. Bxf3 dxc5 25. Qc2 Be6 26. Na4 Rad8 27. Rxd8 Rxd8
28. Rxd8 Qxd8 29. Qe2 Kf7 30. Qe5 Qf6 31. Bh5+ Kg7 32. Qc7+ Kh6 33. Bf3 Qa1+
34. Kh2 Qd4 35. g3 Bd6 36. Qxa5 Qxf2+ 37. Bg2 Qxg3+ 0-1

[Event "C.to Italiano Semifinale"]
[Site "Civitanova Marche ITA"]
[Date "2013.07.26"]
[Round "7"]
[White "Cocchi, Andrea"]
[Black "Santagati, Alessandro"]
[WhiteElo "2302"]
[BlackElo "2195"]
[Result "1-0"]
[PlyCount "79"]
[EventDate "2013.07.20"]

1. Nf3 Nf6 2. c4 g6 3. g3 Bg7 4. Bg2 O-O 5. O-O d6 6. Nc3 Nbd7 7. d3 e5 8. Rb1
a5 9. a3 Re8 10. Nd2 c6 11. b4 axb4 12. axb4 Nf8 13. Bb2 d5 14. Ra1 Rb8 15. Qc1
h5 16. cxd5 Nxd5 17. b5 Nxc3 18. Bxc3 cxb5 19. Qb2 Bg4 20. Nf3 Bxf3 21. Bxf3
Ne6 22. Rfc1 Nc7 23. Qb3 Qd7 24. Rab1 Red8 25. Ba5 b6 26. Bd2 Ne6 27. Be3 Nd4
28. Bxd4 Qxd4 29. Qxb5 Bf8 30. Rc4 Qd6 31. Rc6 Qd4 32. Rb3 Bc5 33. e3 Qa1+ 34.
Kg2 Kg7 35. Rc7 Rd6 36. Rxc5 h4 37. gxh4 Rh8 38. Rc6 Rdd8 39. Rb1 Qa2 40. Qxe5+
1-0

[Event "C.to Italiano Semifinale"]
[Site "Civitanova Marche ITA"]
[Date "2013.07.26"]
[Round "7"]
[White "Distaso, Antonio"]
[Black "Bentivegna, Francesco"]
[WhiteElo "2119"]
[BlackElo "2293"]
[Result "1/2-1/2"]
[PlyCount "69"]
[EventDate "2013.07.20"]

1. e4 e5 2. Nf3 Nc6 3. Bb5 f5 4. Nc3 Nf6 5. Qe2 fxe4 6. Nxe4 Qe7 7. d3 d5 8.
Nc3 Bg4 9. Qxe5 Bxf3 10. Qxe7+ Bxe7 11. gxf3 O-O 12. Bxc6 bxc6 13. Bf4 Ne8 14.
Bg3 Rxf3 15. Ne2 Rf7 16. O-O Nd6 17. Nd4 c5 18. Ne6 c6 19. Nxc5 Nf5 20. Nb3 Bf6
21. c3 h5 22. h3 Bh4 23. Nd4 Nxd4 24. cxd4 Bg5 25. Kg2 Bf6 26. Be5 Rb7 27. b3
a5 28. Rac1 Ra6 29. Rfe1 Kf7 30. Re2 a4 31. bxa4 Rb4 32. Rec2 Raxa4 33. Rxc6
Rxa2 34. Rc7+ Kg6 35. R1c6 1/2-1/2

[Event "C.to Italiano Semifinale"]
[Site "Civitanova Marche ITA"]
[Date "2013.07.26"]
[Round "7"]
[White "Esposito, Luca"]
[Black "Bruno, Fabio"]
[WhiteElo "2277"]
[BlackElo "2421"]
[Result "0-1"]
[PlyCount "98"]
[EventDate "2013.07.20"]

1. c4 e6 2. d4 f5 3. Nf3 Nf6 4. g3 c6 5. Bg2 d5 6. O-O Bd6 7. Qc2 O-O 8. Nc3
Ne4 9. Rb1 a5 10. a3 Nd7 11. b4 axb4 12. axb4 b5 13. cxb5 Nxc3 14. Qxc3 cxb5
15. Qc6 Nb6 16. Bg5 Qd7 17. Rfc1 Ra2 18. Qxb6 Ra6 19. Ne5 Bxe5 20. Qc5 Bd6 21.
Qc3 Bb7 22. Bf4 Bxf4 23. gxf4 Rc8 24. Qd2 Rc4 25. e3 Ra4 26. Bf1 Qd6 27. f3 h6
28. Rc2 Bc6 29. Rcb2 Qe7 30. Qe1 Qa7 31. Qg3 Rc3 32. Re1 Be8 33. Qh4 Raa3 34.
Qd8 Qd7 35. Qxd7 Bxd7 36. Kf2 g5 37. fxg5 hxg5 38. h4 gxh4 39. f4 Kf8 40. Rbb1
Rab3 41. Ra1 Rc2+ 42. Kg1 Rxb4 43. Ra7 Ke7 44. Rea1 Kd6 45. Rb7 Bc6 46. Rh7 Ra4
47. Rb1 Ra8 48. Rxh4 Rb8 49. Rb4 Rg8+ 0-1

[Event "C.to Italiano Semifinale"]
[Site "Civitanova Marche ITA"]
[Date "2013.07.26"]
[Round "7"]
[White "Fagnani, Alessandro"]
[Black "Xia, Jie"]
[WhiteElo "2039"]
[BlackElo "2287"]
[Result "0-1"]
[PlyCount "86"]
[EventDate "2013.07.20"]

1. e4 c5 2. Nf3 Nc6 3. d4 cxd4 4. Nxd4 g6 5. Nc3 Bg7 6. Be3 Nf6 7. Bc4 O-O 8.
Bb3 d6 9. f3 Bd7 10. Qd2 Qa5 11. O-O-O Rfc8 12. h4 Ne5 13. Bg5 Nc4 14. Qd3 Ne5
15. Qd2 Rc5 16. Bxf6 exf6 17. h5 Rac8 18. hxg6 hxg6 19. Nd5 Qxd2+ 20. Rxd2 Kf8
21. Ne3 a5 22. Bd5 b6 23. f4 Ng4 24. Nc4 Rxc4 25. Bxc4 Rxc4 26. b3 Rc5 27. Nf3
Bc6 28. Rxd6 Bxe4 29. c4 b5 30. Rd8+ Ke7 31. Rhd1 Rc7 32. Rg8 Bh6 33. Rdd8
Bxf4+ 34. Kb2 f5 35. g3 Be3 36. Rge8+ Kf6 37. Rd6+ Kg7 38. Nd2 Bxd2 39. Rxd2
bxc4 40. bxc4 Rxc4 41. Rb8 Rc5 42. Rb3 Ne5 43. Re2 Nd3+ 0-1

[Event "C.to Italiano Semifinale"]
[Site "Civitanova Marche ITA"]
[Date "2013.07.26"]
[Round "7"]
[White "Lanzani, Mario"]
[Black "Basso, Pier Luigi"]
[WhiteElo "2308"]
[BlackElo "2239"]
[Result "1/2-1/2"]
[PlyCount "38"]
[EventDate "2013.07.20"]

1. e4 c5 2. c3 d5 3. exd5 Qxd5 4. d4 Bf5 5. Be3 cxd4 6. Qxd4 Nf6 7. Nf3 Nc6 8.
Qxd5 Nxd5 9. Bd2 O-O-O 10. Na3 e5 11. Nc4 e4 12. Nfe5 Nxe5 13. Nxe5 Be6 14. Nc4
Be7 15. g3 f5 16. Ne3 Bc5 17. Bc4 Rhe8 18. Rd1 Nxe3 19. Bxe6+ Rxe6 1/2-1/2

[Event "C.to Italiano Semifinale"]
[Site "Civitanova Marche ITA"]
[Date "2013.07.26"]
[Round "7"]
[White "Moroni, Luca jr"]
[Black "Contin, Daniel"]
[WhiteElo "2211"]
[BlackElo "2330"]
[Result "1-0"]
[PlyCount "105"]
[EventDate "2013.07.20"]

1. Nf3 Nf6 2. g3 c5 3. c4 Nc6 4. Bg2 e5 5. d3 g6 6. Nc3 Bg7 7. O-O O-O 8. Ne1
d6 9. Nc2 Be6 10. Ne3 Rb8 11. Ned5 h6 12. Bd2 Ne8 13. Rb1 Qd7 14. Re1 f5 15. b4
f4 16. Qa4 Bh3 17. bxc5 Bxg2 18. Kxg2 Rf5 19. f3 h5 20. Ne4 g5 21. g4 hxg4 22.
fxg4 f3+ 23. exf3 Rxf3 24. h3 Rxd3 25. cxd6 b5 26. Rxb5 Nd4 27. Ndf6+ Bxf6 28.
Nxf6+ Nxf6 29. Rxb8+ Kf7 30. Qxd7+ Nxd7 31. Rf1+ Ke6 32. Re8+ Kxd6 33. Bxg5 Nc5
34. Be7+ Kd7 35. Bxc5 Kxe8 36. Rf8+ Kd7 37. Bxd4 exd4 38. Rf5 Rd2+ 39. Kg3 Rd3+
40. Kg2 Ke6 41. Rd5 Rd2+ 42. Kg3 Rd3+ 43. Kh4 Rd1 44. g5 d3 45. Kh5 d2 46. h4
a5 47. a4 Rc1 48. Rxd2 Rxc4 49. Rf2 Rxa4 50. g6 Ra1 51. g7 Rg1 52. Kh6 a4 53.
Kh7 1-0

[Event "C.to Italiano Semifinale"]
[Site "Civitanova Marche ITA"]
[Date "2013.07.26"]
[Round "7"]
[White "Rambaldi, Francesco"]
[Black "Parrella, Alfredo"]
[WhiteElo "2347"]
[BlackElo "2072"]
[Result "1/2-1/2"]
[PlyCount "119"]
[EventDate "2013.07.20"]

1. e4 c5 2. Nf3 Nc6 3. Bb5 g6 4. Bxc6 dxc6 5. d3 Bg7 6. h3 Nf6 7. Nc3 O-O 8.
Be3 b6 9. Qd2 Ne8 10. Bh6 f6 11. O-O Nd6 12. Bxg7 Kxg7 13. Nh2 Nf7 14. f4 Qd4+
15. Kh1 Bd7 16. Nf3 Qd6 17. e5 fxe5 18. Ne4 Qd5 19. fxe5 Be6 20. b3 h6 21. Rae1
Nh8 22. Qe3 Rad8 23. Nc3 Qd7 24. Ne4 Rf7 25. Nh2 Rdf8 26. Rxf7+ Rxf7 27. a4 Qd4
28. Qe2 Qd7 29. Nf3 Rf5 30. Qe3 Rf8 31. Nh4 Qd4 32. Qe2 Qd7 33. Kh2 Rf4 34. Nf3
Rf8 35. Qe3 Rd8 36. Nc3 Rf8 37. Ne2 g5 38. h4 g4 39. Nd2 Ng6 40. g3 Rf5 41. Nf4
Rxe5 42. Ne4 Bd5 43. Rf1 Rf5 44. Nd2 Nxf4 45. gxf4 Qe6 46. Qxe6 Bxe6 47. Kg3 h5
48. Re1 Kf7 49. Ne4 Bd7 50. Ra1 Rd5 51. Nc3 Rd4 52. Re1 Bf5 53. Nd1 e6 54. Nb2
b5 55. Ra1 Rd7 56. Re1 Kf6 57. Re5 Rd5 58. Re1 Rd7 59. Re5 Rd5 60. Re1 1/2-1/2

[Event "C.to Italiano Semifinale"]
[Site "Civitanova Marche ITA"]
[Date "2013.07.26"]
[Round "7"]
[White "Rettore, Ludwig"]
[Black "Vezzosi, Paolo"]
[WhiteElo "2111"]
[BlackElo "2281"]
[Result "0-1"]
[PlyCount "110"]
[EventDate "2013.07.20"]

1. d4 Nf6 2. Nf3 g6 3. Bg5 Bg7 4. Nbd2 d5 5. e3 b6 6. c3 O-O 7. Bd3 Bb7 8. O-O
Nbd7 9. Re1 c5 10. e4 cxd4 11. cxd4 dxe4 12. Nxe4 Rc8 13. Qa4 a6 14. Qa3 Re8
15. Nc3 b5 16. Rad1 Qb6 17. Qb3 e6 18. Ne4 Bd5 19. Qb4 Nxe4 20. Bxe4 Bf8 21.
Qd2 Bxa2 22. Qf4 Bd5 23. h4 Bg7 24. h5 f6 25. hxg6 Bxe4 26. Rxe4 hxg6 27. Bh6
Qc7 28. Qe3 Bxh6 29. Qxh6 Nf8 30. Rh4 Qg7 31. Qd2 Red8 32. Qa5 Rd6 33. Nh2 g5
34. Rh3 f5 35. Rg3 g4 36. Qb4 Rcd8 37. Rgd3 Ng6 38. Qb3 Nf4 39. R3d2 Rxd4 40.
Rxd4 Rxd4 41. Re1 Rd2 42. Nf1 Ne2+ 43. Kh1 Qe5 44. Ra1 Nd4 45. Qc3 Rc2 46. Qa5
Qd6 47. Ne3 Rxf2 48. Qc3 Qd8 49. Nxg4 fxg4 50. Qg3 Rf7 51. Qxg4+ Rg7 52. Qe4
Qf6 53. Rd1 e5 54. Qd5+ Kh7 55. Kg1 Ne2+ 0-1